Black things image quiz - Statistics

General Stats
  • This quiz has been taken 95 times
  • The average score is 8 of 12
Answer Stats
Picture Answer % Correct
Black bear
95%
Coal
89%
Raven
89%
Blackberries
86%
Black hole
82%
Black widow
81%
Black sheep
78%
Cauldron
69%
Black mamba
55%
Black box
51%
Black eye peas
45%
Liquorice
23%
No matching quizzes found
Score Distribution
Percent of People with Each Score
Percentile by Number Answered
Your Score History
You have not taken this quiz